| 000 | 01156nam a2200289 i 4500 | ||
|---|---|---|---|
| 001 | 170470 | ||
| 003 | ES-MaACL | ||
| 005 | 20250804043928.0 | ||
| 007 | t| | ||
| 008 | 090306s1968 mx ||||1| spa d | ||
| 080 | _a871-96"01"=00 | ||
| 080 | _a807.1-88 | ||
| 100 | 1 |
_aApuleyo, Lucio. _922131 |
|
| 245 | 1 | 0 |
_aTratados filosóficos / _cApuleyo ; introducción, versión española y notas de Antonio Camarero. |
| 250 | _a1ª ed. | ||
| 260 |
_aMéxico : _bUniversidad Nacional Autónoma, _c1968. |
||
| 300 |
_aLIV, 23 p. dupl., LIX-LXXIII, 24-86 p. dupl., LXXIX-LXXXVIII, 87-123 dupl., XCI-CXLV p. ; _c21 cm. |
||
| 490 | 1 | _aBibliotheca Scriptorum Graecorum et Romanorum Mexicana | |
| 546 | _aTexto paralelo en latín y castellano; en las p. dupl. | ||
| 594 | _aPrecede al tít.: Apuleii de philosophia libri. | ||
| 650 | 0 | 4 |
_aLengua latina- _vTextos. _914307 |
| 650 | 7 |
_aFilosofía antigua _2embne _9138724 |
|
| 700 | 0 |
_aCamarero, Antonio. _934003 |
|
| 830 | 0 |
_aBibliotheca Scriptorum Graecorum et Romanorum Mexicana _9191887 |
|
| 852 | 4 |
_aES-MaACL _jE-12491 _9R.140096 _z. - Biblioteca Jacinto Martínez Lacalle |
|
| 999 |
_c170470 _d170470 |
||